<?xml version="1.0" encoding="UTF-8"?>
<marc:record xmlns:marc="http://www.loc.gov/MARC21/slim">
   <marc:leader>00000nam a2200000 a 4500</marc:leader>
   <marc:datafield ind1="1" ind2=" " tag="100">
      <marc:subfield code="a">Brown, Dan</marc:subfield>
      <marc:subfield code="4">aut</marc:subfield>
      <marc:subfield code="e">Verfasser/-in</marc:subfield>
   </marc:datafield>
   <marc:datafield ind1=" " ind2=" " tag="653">
      <marc:subfield code="a">Thriller</marc:subfield>
   </marc:datafield>
   <marc:datafield ind1="0" ind2="0" tag="245">
      <marc:subfield code="a">The secret of secrets</marc:subfield>
   </marc:datafield>
   <marc:datafield ind1=" " ind2="1" tag="264">
      <marc:subfield code="b">Gustav Lübbe Verl.</marc:subfield>
      <marc:subfield code="c">2025</marc:subfield>
   </marc:datafield>
   <marc:datafield ind1="1" ind2=" " tag="520">
      <marc:subfield code="a">Robert Langdon, Symbolforscher aus Harvard, begleitet seine Freundin Katherine Solomon nach Prag. Die Wissenschaftlerin bereitet die Veröffentlichung eines Buches vor, das bahnbrechende Entdeckungen über die wahre Natur des menschlichen Bewusstseins offenbart. Doch ein brutaler Mord stürzt die Reise in ein unvorhersehbares Chaos, und Katherine Solomon verschwindet plötzlich, ebenso ihr Manuskript. Langdon sieht sich fortan einer mächtigen Organisation gegenüber und wird von einem unheimlichen Angreifer verfolgt, der aus Prags ältester Mythologie entsprungen zu sein scheint und nur ein Ziel verfolgt: gnadenlose Rache. Umgeben von Friedhöfen und in unterirdischen Labyrinthen jagt Langdon durch eine Stadt, die merh in ihren dunklen Schatten offenbart als im Licht des hellen Tages. Prag stellt Robert Landon vor di grö´ten Herausforderungen, hier muss er Rätsel lösen, die zu mächtig sind, um enthüllt zu werden.</marc:subfield>
   </marc:datafield>
   <marc:datafield ind1=" " ind2=" " tag="020">
      <marc:subfield code="a">9783785727706</marc:subfield>
      <marc:subfield code="9">9783785727706</marc:subfield>
   </marc:datafield>
</marc:record>
